[Event "Great Minds"]
[Site "SchemingMind.com"]
[Date "2008.06.17"]
[Round "-"]
[White "kryspin11"]
[Black "calidore"]
[Result "1-0"]
[WhiteCountry "POL"]
[BlackCountry "ISR"]
[WhiteElo "2288"]
[WhiteRD "82"]
[BlackElo "1874"]
[BlackRD "50"]
[GameID "159100"]

1. Nf3 Nf6 2. d4 d5 3. c4 e6 4. Nc3 b6 5. Bg5 Be7 6. e3 Bb7 7. cxd5 Nxd5 8. Bxe7 Qxe7 9. Bb5+ c6 10. Bd3 Qb4
11. Qd2 Nxc3 12. bxc3 Qe7 13. e4 Nd7 14. O-O O-O 15. Qf4 Rad8 16. Qc7 Rb8 17. Ne5 Rfd8 18. Rac1 Kf8 19. Nxc6 Bxc6 20. Qxc6 Qg5
21. e5 Nxe5 22. Qe4 Ng6 23. g3 h6 24. f4 Qd5 25. Qxd5 Rxd5 26. f5 exf5 27. Bxf5 Kg8 28. Rce1 Rbd8 29. Rf3 R5d6 30. h4 Rf6
31. h5 Nf8 32. Kg2 Nd7 33. Re7 Rd6 34. Bd3 Rf6 35. Bc4 Rxf3 36. Kxf3 a5 37. g4 Nf6 38. Rxf7 Kh8 39. a4 Rc8 40. Be6 Rxc3+
41. Ke2 Nh7 42. d5 Rc4 43. Rb7 Rf4 44. d6 Re4+ 45. Kf2 Rxe6 46. Rb8+ Nf8 47. Rxf8+ Kh7 48. d7
1-0

[Event "Great Minds"]
[Site "SchemingMind.com"]
[Date "2008.06.13"]
[Round "-"]
[White "kryspin11"]
[Black "Phony Benoni"]
[Result "1-0"]
[WhiteCountry "POL"]
[BlackCountry "USA"]
[WhiteElo "2310"]
[WhiteRD "80"]
[BlackElo "2004"]
[BlackRD "79"]
[GameID "159101"]

1. c4 c6 2. e4 d5 3. exd5 cxd5 4. cxd5 Nf6 5. Nc3 Nxd5 6. Nf3 Nc6 7. d4 Bf5 8. Bc4 e6 9. O-O Be7 10. Nxd5 exd5
11. Bd3 Bxd3 12. Qxd3 O-O 13. Re1 Bf6 14. Bf4 Rc8 15. a3 Qb6 16. Be5 Bxe5 17. dxe5 d4 18. Ng5 g6 19. Qh3 h5 20. Rad1 Qxb2
21. e6 f5 22. e7 Rfe8 23. Qg3 Nxe7 24. Qe5
1-0

[Event "Great Minds"]
[Site "SchemingMind.com"]
[Date "2008.06.14"]
[Round "-"]
[White "kryspin11"]
[Black "sinergia"]
[Result "1-0"]
[WhiteCountry "POL"]
[BlackCountry "VEN"]
[WhiteElo "2310"]
[WhiteRD "80"]
[BlackElo "1765"]
[BlackRD "97"]
[GameID "159102"]

1. Nf3 Nf6 2. c4 e6 3. Nc3 Bb4 4. d4 c5 5. g3 Ne4 6. Qd3 Nxc3 7. bxc3 Ba5 8. Ba3 d5 9. Bg2 O-O 10. O-O Re8
11. Bxc5 Bc7 12. Nd2 Nd7 13. Ba3 dxc4 14. Nxc4 Rb8 15. Nd6 Bxd6 16. Bxd6 Ra8 17. Rab1 Nb6 18. Bf4 Nd5 19. Bd2 Rb8 20. c4 Nf6
21. c5 Re7 22. Rfd1 Rd7 23. c6 Rc7 24. Bf4
1-0

[Event "Great Minds"]
[Site "SchemingMind.com"]
[Date "2008.06.13"]
[Round "-"]
[White "kryspin11"]
[Black "z"]
[Result "1-0"]
[WhiteCountry "POL"]
[BlackCountry "IRQ"]
[WhiteElo "2310"]
[WhiteRD "80"]
[BlackElo "1782"]
[BlackRD "54"]
[GameID "159103"]

1. c4 e5 2. Nc3 Nf6 3. Nf3 Bb4 4. Nxe5 O-O 5. Nd3 Bxc3 6. dxc3 h6 7. f3 d5 8. cxd5 Nxd5 9. e4 Ne7 10. Be2 Nbc6
11. O-O f5 12. Qb3+ Kh7 13. Nf4 Qd6 14. Be3 g5 15. Rad1 Qf6 16. Nd5 Qg6 17. Nxc7 Rb8 18. Bc5 Be6 19. Nxe6 Rf6 20. Bxe7 Nxe7
21. Rd7 Rxe6 22. exf5
1-0

[Event "Great Minds"]
[Site "SchemingMind.com"]
[Date "2008.06.13"]
[Round "-"]
[White "Mitchell-in"]
[Black "kryspin11"]
[Result "0-1"]
[WhiteCountry "ENG"]
[BlackCountry "POL"]
[WhiteElo "1702"]
[WhiteRD "62"]
[BlackElo "2288"]
[BlackRD "82"]
[GameID "159105"]

1. e4 c5 2. Nf3 Nc6 3. Bb5 a6 4. Bxc6 bxc6 5. O-O d6 6. h3 Qc7 7. c3 Nf6 8. Re1 g6 9. d4 cxd4 10. cxd4 Bg7
11. Nc3 O-O 12. Be3 Rd8 13. Rc1 Rb8 14. Qd2 Qa5 15. a3 Ne8 16. d5 c5 17. Red1 Rb3 18. Qc2 Rb7 19. Rb1 Bd7 20. Nd2 Nf6
21. Nc4 Qc7 22. f3 Bb5
0-1

[Event "Great Minds"]
[Site "SchemingMind.com"]
[Date "2008.06.17"]
[Round "-"]
[White "calidore"]
[Black "kryspin11"]
[Result "0-1"]
[WhiteCountry "ISR"]
[BlackCountry "POL"]
[WhiteElo "1867"]
[WhiteRD "47"]
[BlackElo "2310"]
[BlackRD "80"]
[GameID "159106"]

1. e4 c5 2. c3 Nc6 3. d4 cxd4 4. cxd4 d5 5. e5 Nh6 6. Bxh6 gxh6 7. Nf3 Bg4 8. Be2 Qb6 9. Qd2 Bxf3 10. Bxf3 Qxd4
11. Qxd4 Nxd4 12. Bd1 e6 13. Nc3 Rc8 14. O-O Bb4 15. Ne2 Nc6 16. Rc1 Bd2 17. Rc2 Ba5 18. Nd4 Bb6 19. Nxc6 Rxc6 20. Rxc6 bxc6
21. Ba4 Kd7 22. Rc1 Rc8 23. Kf1= Bd4 24. Re1 Bxb2 25. Bc2 c5 26. Bxh7 c4 27. Ke2 Bxe5 28. Kd2 Bf4+ 29. Kc2 Rh8 30. g3 Bg5
0-1

[Event "Great Minds"]
[Site "SchemingMind.com"]
[Date "2008.06.13"]
[Round "-"]
[White "Phony Benoni"]
[Black "kryspin11"]
[Result "0-1"]
[WhiteCountry "USA"]
[BlackCountry "POL"]
[WhiteElo "2004"]
[WhiteRD "79"]
[BlackElo "2310"]
[BlackRD "80"]
[GameID "159107"]

1. e4 c5 2. Nf3 Nc6 3. Bb5 e6 4. Bxc6 bxc6 5. d3 Ne7 6. Qe2 Ng6 7. h4 Qc7 8. g3 Bd6 9. Nbd2 Ne5 10. Nxe5 Bxe5
11. Nc4 Ba6 12. Nxe5 Qxe5 13. f4 Qb8 14. Qd2 c4 15. dxc4 O-O 16. b3 d5 17. Bb2 dxc4 18. Be5 Qb7 19. O-O-O cxb3 20. axb3 c5
21. Rhe1 f6 22. Bb2 c4 23. Qd7 Qxd7 24. Rxd7 cxb3 25. cxb3 Bb5 26. Rb7 Rac8+ 27. Kb1 Bd3+ 28. Ka1 Rf7 29. Rxf7 Kxf7 30. Rc1 Rxc1+
31. Bxc1 Bxe4 32. g4 Bf3 33. g5 Kg6 34. gxf6 gxf6
0-1

[Event "Great Minds"]
[Site "SchemingMind.com"]
[Date "2008.06.13"]
[Round "-"]
[White "sinergia"]
[Black "kryspin11"]
[Result "0-1"]
[WhiteCountry "VEN"]
[BlackCountry "POL"]
[WhiteElo "1765"]
[WhiteRD "97"]
[BlackElo "2310"]
[BlackRD "80"]
[GameID "159108"]

1. Nf3 Nf6 2. g3 d5 3. Bg2 c6 4. O-O Bg4 5. h3 Bh5 6. d3 Nbd7 7. Bf4 e6 8. Ne5 Nxe5 9. Bxe5 Bd6 10. Bxf6 Qxf6
11. g4 Bg6 12. e4 h5 13. c3 hxg4 14. f4 gxh3
0-1

[Event "Great Minds"]
[Site "SchemingMind.com"]
[Date "2008.06.13"]
[Round "-"]
[White "z"]
[Black "kryspin11"]
[Result "0-1"]
[WhiteCountry "IRQ"]
[BlackCountry "POL"]
[WhiteElo "1782"]
[WhiteRD "54"]
[BlackElo "2310"]
[BlackRD "80"]
[GameID "159109"]

1. b4 e6 2. Bb2 Nf6 3. b5 b6 4. e3 Bb7 5. Nf3 Be7 6. d4 a6 7. a4 axb5 8. axb5 Rxa1 9. Bxa1 c5 10. c4 O-O
11. Be2 cxd4 12. Nxd4 Bxg2 13. Rg1 Be4 14. Nd2 Bg6 15. N2f3 Qc7 16. h4 Bb4+ 17. Kf1 Rc8 18. Ne1 Be7 19. h5 Be4 20. Ng2 e5
21. Nb3 h6 22. Nd2 Bh7 23. f4 d6 24. Nf3 Nbd7 25. Ngh4 Nxh5 26. Nxe5 dxe5 27. Bxh5 Bxh4 28. Qg4 Qxc4+ 29. Kg2 Qc2+
0-1

[Event "Great Minds"]
[Site "SchemingMind.com"]
[Date "2008.06.13"]
[Round "-"]
[White "andy146"]
[Black "kryspin11"]
[Result "0-1"]
[WhiteCountry "POL"]
[BlackCountry "POL"]
[WhiteElo "1618"]
[WhiteRD "62"]
[BlackElo "2310"]
[BlackRD "80"]
[GameID "159110"]

1. d4 Nf6 2. c4 e6 3. Nf3 b6 4. g3 Bb7 5. Bg2 Be7 6. O-O O-O 7. Nc3 Ne4 8. Qc2 Nxc3 9. Qxc3 d6 10. b3 Bf6
11. e3 c5 12. Bb2 Be4 13. Rfd1 Nc6 14. Qd2 a5 15. dxc5 bxc5 16. Bxf6 Qxf6 17. Ne1 Bxg2 18. Nxg2 Rfd8 19. Ne1 a4 20. Nd3 axb3
21. a4 d5 22. cxd5 Rxd5 23. Qe2 c4
0-1

[Event "Great Minds"]
[Site "SchemingMind.com"]
[Date "2008.06.14"]
[Round "-"]
[White "smothered mate"]
[Black "kryspin11"]
[Result "0-1"]
[WhiteCountry "POL"]
[BlackCountry "POL"]
[WhiteElo "1926"]
[WhiteRD "48"]
[BlackElo "2310"]
[BlackRD "80"]
[GameID "159303"]

1. e4 c5 2. c3 Nc6 3. d4 cxd4 4. cxd4 d5 5. exd5 Qxd5 6. Be3 e5 7. Nc3 Bb4 8. Nf3 exd4 9. Nxd4 Nge7 10. Nxc6 Bxc3+
11. bxc3 Qxc6 12. Qb3 O-O 13. f3 Nf5 14. Bf2 Qe6+ 15. Be2 Qe5 16. Qc2 Ne3 17. Bxe3 Qxe3 18. Qd3 Qg5 19. O-O Rd8 20. Qe4 Be6
21. Rfd1 Qc5+ 22. Kf1 b6 23. c4 Rac8 24. Rxd8+ Rxd8 25. Rc1 b5 26. Rc2 Bf5 27. Qh4 Rd4
0-1

[Event "Great Minds"]
[Site "SchemingMind.com"]
[Date "2008.06.13"]
[Round "-"]
[White "smothered mate"]
[Black "Mitchell-in"]
[Result "1-0"]
[WhiteCountry "POL"]
[BlackCountry "ENG"]
[WhiteElo "1926"]
[WhiteRD "48"]
[BlackElo "1740"]
[BlackRD "58"]
[GameID "159304"]

1. e4 e6 2. d4 d5 3. e5 c5 4. c3 Nc6 5. Nf3 Qb6 6. Be2 Bd7 7. O-O cxd4 8. cxd4 Nge7 9. g4 Ng6 10. Nc3 Be7
11. Na4 Qc7 12. b3 O-O 13. Bb2 f6 14. Rc1 fxe5 15. dxe5 Qb8 16. Nc5 Bxc5 17. Rxc5 Ngxe5 18. Nxe5 Nxe5 19. Qd4 b6 20. Rc2
1-0

[Event "Great Minds"]
[Site "SchemingMind.com"]
[Date "2008.06.17"]
[Round "-"]
[White "smothered mate"]
[Black "calidore"]
[Result "0-1"]
[WhiteCountry "POL"]
[BlackCountry "ISR"]
[WhiteElo "1926"]
[WhiteRD "48"]
[BlackElo "1867"]
[BlackRD "47"]
[GameID "159305"]

1. Nf3 Nf6 2. d4 e6 3. c4 b6 4. e3 Bb7 5. Bd3 d5 6. O-O dxc4 7. Bxc4 c5 8. Qe2 Nbd7 9. Rd1 Qc7 10. Nc3 a6
11. a4 Be7 12. d5 exd5 13. Nxd5 Nxd5 14. Bxd5 Bxd5 15. Rxd5 Nf6 16. Rd3 O-O 17. e4 Rfe8 18. Bg5 Nxe4 19. Bxe7 Rxe7 20. Re3 Rae8
21. Re1 f5 22. Ng5 c4 23. f3 Qc5 24. fxe4 f4 25. e5 Qxe3+ 26. Qxe3 fxe3 27. Nf3 Rxe5 28. Nxe5 Rxe5 29. Re2 Kf7 30. Kf1 Kf6
31. Rc2 b5 32. axb5 axb5 33. Ke2 Kf5 34. Rc3 g5 35. Ra3 h5 36. Ra8 h4 37. h3 Kf4 38. Ra3 Kg3 39. Kf1 b4 40. Ra4 Rf5+
41. Ke2 Rf2+ 42. Kxe3 Rxb2
0-1

[Event "Great Minds"]
[Site "SchemingMind.com"]
[Date "2008.06.13"]
[Round "-"]
[White "smothered mate"]
[Black "Phony Benoni"]
[Result "0-1"]
[WhiteCountry "POL"]
[BlackCountry "USA"]
[WhiteElo "1926"]
[WhiteRD "48"]
[BlackElo "2004"]
[BlackRD "79"]
[GameID "159306"]

1. e4 e5 2. Nf3 Nc6 3. Bc4 Nf6 4. d4 exd4 5. e5 d5 6. Bb5 Ne4 7. Nxd4 Bc5 8. Be3 Bd7 9. Bxc6 bxc6 10. O-O O-O
11. Nd2 Nxd2 12. Qxd2 Bxd4 13. Bxd4 Qe7 14. Qe3 Rfe8 15. Rfe1 Bf5 16. c3 a5 17. Bc5 Qe6 18. a4 Rab8 19. Re2 Rb3 20. Ra3 Reb8
21. Rxb3 Rxb3 22. Qc1 Qg6 23. Qd1 Rb8 24. f3 h5 25. b4 Bd3 26. Rf2 Bc4 27. g4 Re8 28. Bd4 Rb8 29. Rb2 f5 30. exf6 gxf6
31. Rg2 Kf7 32. Qe1 Re8 33. Qc1 h4 34. Rb2 Qd3 35. Rf2 h3 36. bxa5 Re2 37. f4 Qe4 38. Rxe2 Qxe2 39. Bf2 Qf3
0-1

[Event "Great Minds"]
[Site "SchemingMind.com"]
[Date "2008.06.14"]
[Round "-"]
[White "smothered mate"]
[Black "sinergia"]
[Result "1-0"]
[WhiteCountry "POL"]
[BlackCountry "VEN"]
[WhiteElo "1926"]
[WhiteRD "48"]
[BlackElo "1765"]
[BlackRD "97"]
[GameID "159307"]

1. e4 d5 2. exd5 Qxd5 3. Nc3 Qd6 4. d4 Nf6 5. Bc4 a6 6. Nge2 b5 7. Bb3 Bb7 8. O-O e6 9. Bf4 Qc6 10. d5 Nxd5
11. Bxd5 exd5 12. Nd4 Qd7 13. Re1+ Be7 14. Qe2 Kf8 15. Nf5 Nc6 16. Qg4 Bf6 17. Nxd5 Qxd5 18. Bxc7 g6 19. Bd6+
1-0

[Event "Great Minds"]
[Site "SchemingMind.com"]
[Date "2008.06.13"]
[Round "-"]
[White "smothered mate"]
[Black "z"]
[Result "1-0"]
[WhiteCountry "POL"]
[BlackCountry "IRQ"]
[WhiteElo "1926"]
[WhiteRD "48"]
[BlackElo "1782"]
[BlackRD "54"]
[GameID "159308"]

1. Nf3 b5 2. g3 Bb7 3. Bg2 e6 4. O-O Nf6 5. b3 c5 6. Bb2 Be7 7. d3 O-O 8. Nbd2 d6 9. e4 Nc6 10. c3 a5
11. a4 b4 12. c4 Qc7 13. Qe2 Rfe8 14. Rfe1 Rad8 15. Rad1 Ba6 16. Nf1 d5 17. exd5 exd5 18. Bxf6 gxf6 19. Nh4 dxc4 20. Qg4+ Kh8
21. dxc4 Rg8 22. Qe4 Rde8 23. Qxc6 Qxc6 24. Bxc6 Rc8 25. Bd7 Rc7 26. Rxe7 Bc8 27. Nf5 Rd8 28. Nd6 Rdxd7 29. Re8+ Kg7 30. Rxc8 Rxd6
31. Rxd6 Rxc8 32. Ne3 Kf8 33. Nf5 Ke8 34. f4 Rd8 35. Kf2 Rxd6 36. Nxd6+ Kd7 37. Nxf7 Ke7 38. Nh6 Ke6 39. Kf3
1-0

[Event "Great Minds"]
[Site "SchemingMind.com"]
[Date "2008.06.13"]
[Round "-"]
[White "smothered mate"]
[Black "andy146"]
[Result "1-0"]
[WhiteCountry "POL"]
[BlackCountry "POL"]
[WhiteElo "1927"]
[WhiteRD "49"]
[BlackElo "1622"]
[BlackRD "62"]
[GameID "159309"]

1. d4 d5 2. c4 c6 3. Nc3 Nf6 4. Nf3 e6 5. a3 Be7 6. e3 Nbd7 7. Bd3 dxc4 8. Bxc4 b5 9. Bd3 a6 10. O-O O-O
11. e4 Bb7 12. b4 Rc8 13. e5 Ne8 14. Ne4 Qc7 15. Bb2 f6 16. Qb3 fxe5 17. Qxe6+ Kh8 18. Qxe7
1-0

[Event "Great Minds"]
[Site "SchemingMind.com"]
[Date "2008.06.14"]
[Round "-"]
[White "kryspin11"]
[Black "smothered mate"]
[Result "1-0"]
[WhiteCountry "POL"]
[BlackCountry "POL"]
[WhiteElo "2310"]
[WhiteRD "80"]
[BlackElo "1926"]
[BlackRD "48"]
[GameID "159311"]

1. c4 Nf6 2. Nc3 e6 3. d4 d5 4. Nf3 c5 5. cxd5 exd5 6. Bg5 Be6 7. e4 dxe4 8. Nxe4 Nbd7 9. d5 Bf5 10. Bxf6 Nxf6
11. Bb5+ Bd7 12. Qe2 Nxe4 13. Qxe4+ Qe7 14. Bxd7+ Kxd7 15. Ne5+ Kc8 16. O-O-O f6 17. Qf5+ Kd8 18. Nc6+ bxc6 19. dxc6+ Kc7 20. Rd7+ Kb6
21. Rxe7 Bxe7 22. Qd7 Rhe8 23. Qb7+ Ka5 24. Rd1 Bf8 25. b4+ Ka4 26. Qa6+ Kxb4 27. a3+
1-0

[Event "Great Minds"]
[Site "SchemingMind.com"]
[Date "2008.06.14"]
[Round "-"]
[White "Mitchell-in"]
[Black "smothered mate"]
[Result "0-1"]
[WhiteCountry "ENG"]
[BlackCountry "POL"]
[WhiteElo "1702"]
[WhiteRD "62"]
[BlackElo "1933"]
[BlackRD "52"]
[GameID "159312"]

1. e4 c5 2. Nf3 d6 3. c3 Bg4 4. h3 Bxf3 5. Qxf3 Nd7 6. d4 Ngf6 7. Bd3 e5 8. d5 Be7 9. O-O O-O 10. Nd2 a6
11. a4 Ne8 12. g4 Bg5 13. Re1 Nc7 14. Nf1 Bxc1 15. Raxc1 b5 16. b3 c4 17. bxc4 bxa4 18. Bc2 Nc5 19. Ra1 Qd7 20. Ng3 g6
21. Kh2 Ne8 22. h4 Ng7 23. Qd1 Nb3 24. Bxb3 axb3 25. f3 Rfb8 26. Qb1 a5 27. Qb2 a4 28. Ra3 Qc7 29. Rea1 Qxc4 30. Ne2 h5
31. g5 Ne8 32. Kg2 Nc7
0-1

[Event "Great Minds"]
[Site "SchemingMind.com"]
[Date "2008.06.18"]
[Round "-"]
[White "calidore"]
[Black "smothered mate"]
[Result "1-0"]
[WhiteCountry "ISR"]
[BlackCountry "POL"]
[WhiteElo "1899"]
[WhiteRD "53"]
[BlackElo "1927"]
[BlackRD "49"]
[GameID "159313"]

1. e4 c5 2. c3 e6 3. d4 cxd4 4. cxd4 d5 5. e5 Nc6 6. Nf3 Qb6 7. Nc3 Bd7 8. Bd3 Nxd4 9. Nxd4 Qxd4 10. O-O Qxe5
11. Re1 Qd6 12. Nb5 Qb8 13. Qf3 Nf6 14. Bf4 Qc8 15. Rac1 Bc6 16. Nc7+ Kd7 17. Nxa8 Qxa8 18. a3 Be7 19. b4 a6 20. Red1 Rc8
21. Be5 Ba4 22. Re1 h5 23. Bxf6 Bxf6 24. Qxh5 Ke7 25. Rxc8 Qxc8 26. Qxd5 Bc6 27. Qc5+ Ke8 28. b5
1-0

[Event "Great Minds"]
[Site "SchemingMind.com"]
[Date "2008.06.14"]
[Round "-"]
[White "Phony Benoni"]
[Black "smothered mate"]
[Result "1-0"]
[WhiteCountry "USA"]
[BlackCountry "POL"]
[WhiteElo "2004"]
[WhiteRD "79"]
[BlackElo "1926"]
[BlackRD "48"]
[GameID "159314"]

1. e4 c5 2. Nf3 d6 3. d4 cxd4 4. Nxd4 Nf6 5. Nc3 g6 6. Be3 Bg7 7. f3 O-O 8. Qd2 Nc6 9. O-O-O d5 10. Kb1 e5
11. Nxc6 bxc6 12. exd5 cxd5 13. Nxd5 Nxd5 14. Qxd5 Qc7 15. Qc5 Qb7 16. Bc4 Be6 17. Bd5 Bxd5 18. Qxd5 Qb8 19. Rd3 a5 20. Rb3 Qc8
21. Rd1 a4 22. Rb7 a3 23. Bc5 Ra5 24. b4 Rxc5 25. bxc5 h5 26. c6 Kh7 27. c7 Qa8 28. Qb5
1-0

[Event "Great Minds"]
[Site "SchemingMind.com"]
[Date "2008.06.14"]
[Round "-"]
[White "sinergia"]
[Black "smothered mate"]
[Result "0-1"]
[WhiteCountry "VEN"]
[BlackCountry "POL"]
[WhiteElo "1765"]
[WhiteRD "97"]
[BlackElo "1926"]
[BlackRD "48"]
[GameID "159315"]

1. Nf3 Nf6 2. g3 d5 3. Bg2 c5 4. O-O Nc6 5. c3 e6 6. d3 Be7 7. Re1 O-O 8. Bg5 h6 9. Bxf6 Bxf6 10. e4 Qc7
11. Na3 a6 12. exd5 exd5 13. Nc2 Bf5 14. Ne3 Be6 15. a3 Rfd8 16. Qc2 d4 17. cxd4 Bxd4 18. Nc4 Rac8 19. Nxd4 Nxd4 20. Qc3 b5
21. Ne5 Bd5 22. Rac1 Bxg2 23. Kxg2 Qb7+ 24. Kg1 f6 25. Ng6 Nf3+ 26. Kf1 Nxe1 27. Kxe1 Qf7 28. Nf4 Re8+ 29. Kf1 c4 30. dxc4 Rxc4
31. Qd2 Rxc1+ 32. Qxc1 Qc4+ 33. Qxc4+ bxc4 34. Nd5 Re5 35. Ne3 Rc5 36. Nc2 Kf7 37. Nb4 a5 38. Nc2 Ke6 39. Nd4+ Kd5 40. Ne2 g5
41. Nc3+ Ke5 42. Ke2 Rc8 43. Nd1 Rb8
0-1

[Event "Great Minds"]
[Site "SchemingMind.com"]
[Date "2008.06.14"]
[Round "-"]
[White "z"]
[Black "smothered mate"]
[Result "0-1"]
[WhiteCountry "IRQ"]
[BlackCountry "POL"]
[WhiteElo "1719"]
[WhiteRD "54"]
[BlackElo "1933"]
[BlackRD "52"]
[GameID "159316"]

1. b4 c5 2. bxc5 e5 3. c3 Bxc5 4. d4 Bb6 5. e3 Qe7 6. Bd3 exd4 7. e4 dxc3 8. Ne2 c2 9. Bxc2 Qf6 10. O-O Qxa1
11. Nbc3 Ne7 12. Qd2 Nbc6 13. Ba3 Qxf1+ 14. Kxf1 O-O 15. Qg5 Re8 16. h4 Ng6 17. f4 Bd8 18. Qh5 Nxh4 19. f5 g6 20. Qh6 b6
21. Kf2 Ne5 22. Kg3 d5 23. Nxd5 gxf5 24. exf5 Nxf5+ 25. Bxf5 Bxf5 26. Nf6+ Bxf6 27. Qxf6 Bg6 28. Bb2 Re6 29. Qf1 Rd8 30. Nd4 Red6
31. Nf5 Bxf5 32. Qxf5 Rg6+ 33. Kh3 Rd3+ 34. Kh4 Rd1 35. Qc8+ Kg7 36. Bxe5+ f6 37. Qc7+ Kg8 38. Bh2 Rh1 39. Kh3 Rh6+ 40. Kg3 R1xh2
41. Qb8+ Kg7 42. Qxa7+ Kg6 43. Qxb6 R2h5 44. a4 Rg5+ 45. Kf3 Rhh5 46. g4 Rh3+ 47. Kf4 Rh4 48. Qb1+ Kh6 49. Qg1 f5 50. Qb6+ Rg6
51. Qe3 Rhxg4+ 52. Kxf5+ R4g5+
0-1

[Event "Great Minds"]
[Site "SchemingMind.com"]
[Date "2008.06.14"]
[Round "-"]
[White "Caputo"]
[Black "kryspin11"]
[Result "0-1"]
[WhiteCountry "USA"]
[BlackCountry "POL"]
[WhiteElo "1675"]
[WhiteRD "62"]
[BlackElo "2310"]
[BlackRD "80"]
[GameID "159374"]

1. e4 c5 2. Nf3 Nc6 3. d4 cxd4 4. Nxd4 e6 5. Nc3 a6 6. Be2 Qc7 7. O-O Nf6 8. Nxc6 bxc6 9. Bf3 Bd6 10. g3 Be5
11. Bd2 O-O 12. Rb1 d5 13. exd5 exd5 14. Bg2 Re8 15. Qc1 Bf5 16. Re1 Bd4 17. Bf4 Bxf2+ 18. Kxf2 Qb6+ 19. Kf1 Ng4 20. Qd2 Nxh2#
0-1

[Event "Great Minds"]
[Site "SchemingMind.com"]
[Date "2008.06.14"]
[Round "-"]
[White "Caputo"]
[Black "Mitchell-in"]
[Result "1/2-1/2"]
[WhiteCountry "USA"]
[BlackCountry "ENG"]
[WhiteElo "1675"]
[WhiteRD "62"]
[BlackElo "1740"]
[BlackRD "58"]
[GameID "159375"]

1. e4 e5 2. Nf3 Nc6 3. Bb5 f5 4. d3 fxe4 5. dxe4 Nf6 6. Bxc6 bxc6 7. Nc3 Bb4 8. O-O Bxc3 9. bxc3 O-O 10. Re1 Qe7
11. a4 d6 12. Ba3 Bg4 13. h3 Bxf3 14. Qxf3 Nd5 15. Qg3 Nf6 16. Rab1 Rab8 17. Qg5 h6 18. Qh4 Qe6=
1/2-1/2

[Event "Great Minds"]
[Site "SchemingMind.com"]
[Date "2008.06.18"]
[Round "-"]
[White "Caputo"]
[Black "calidore"]
[Result "0-1"]
[WhiteCountry "USA"]
[BlackCountry "ISR"]
[WhiteElo "1626"]
[WhiteRD "65"]
[BlackElo "1868"]
[BlackRD "55"]
[GameID "159376"]

1. e4 Nf6 2. d3 e5 3. Nf3 Nc6 4. Nc3 d5 5. Be2 dxe4 6. dxe4 Qxd1+ 7. Bxd1 Bb4 8. a3 Bxc3+ 9. bxc3 Nxe4 10. Bb2 f6
11. O-O Be6 12. Be2 O-O-O 13. Rad1 Rxd1 14. Rxd1 Rd8 15. Rxd8+ Kxd8 16. h3 Na5 17. Bd3 Bd5 18. Ne1 Nc4 19. Bxc4 Bxc4 20. Nd3 Ba2
21. f3 Nd2 22. Bc1 Nc4 23. Nb4 Bb1 24. Kf2 a5 25. Nd5 Bxc2 26. Ne3 Nxe3 27. Kxe3 Kd7 28. Kd2 Bb1 29. g3 Ke6 30. Ke2 Kd5
31. f4 exf4 32. Bxf4 c6 33. Kd2 Kc4 34. Kc1 Bf5 35. g4 Be4 36. Kb2 b5 37. g5 fxg5 38. Bxg5= h6 39. Bd8= a4 40. h4 Kd5
41. Kc1 Ke5 42. Kd2 Kf5 43. Be7 g5 44. hxg5 hxg5 45. Ke3 g4 46. Bd6 Ke6 47. Bb4 Kd5 48. Kf4 Bf3 49. Kg3 Kc4 50. Ba5 Kd3
51. Kf2 Kc4 52. Bb4 c5 53. Ba5 Kb3 54. Bb6 b4 55. cxb4 cxb4 56. axb4 Kxb4 57. Bd4 Kb3 58. Ke1 Kc2 59. Kf2 a3 60. Be5 a2
61. Kg3 Kb1 62. Bd4 a1=Q 63. Bxa1 Kxa1 64. Kf2 Kb2 65. Kg3 Kc2 66. Kf4 Kd3
0-1

[Event "Great Minds"]
[Site "SchemingMind.com"]
[Date "2008.06.14"]
[Round "-"]
[White "Caputo"]
[Black "Phony Benoni"]
[Result "0-1"]
[WhiteCountry "USA"]
[BlackCountry "USA"]
[WhiteElo "1675"]
[WhiteRD "62"]
[BlackElo "2004"]
[BlackRD "79"]
[GameID "159377"]

1. e4 d5 2. exd5 Nf6 3. d4 Nxd5 4. Nf3 g6 5. c4 Nb6 6. Nc3 Bg7 7. Be2 O-O 8. O-O Bg4 9. c5 Nd5 10. Nxd5 Qxd5
11. Ne1 Bxe2 12. Qxe2 Nc6 13. Nf3 Nxd4 14. Nxd4 Bxd4 15. Qxe7 Qxc5 16. Qxc5 Bxc5 17. Be3 Bxe3 18. fxe3 Rfe8 19. Rfe1 Rad8 20. Re2 f5
21. Rae1 Re4 22. b3 Rde8 23. g3 Kf7 24. Kf2 Kf6 25. h3 g5 26. Kf3 h5 27. Rg1 f4 28. gxf4 gxf4 29. Kf2 Rxe3 30. Rxe3 Rxe3
31. Rh1 Ke5 32. Re1 Rxe1 33. Kxe1 c5 34. Ke2 Ke4 35. Kf2 b5 36. Ke2 c4 37. bxc4 bxc4
0-1

[Event "Great Minds"]
[Site "SchemingMind.com"]
[Date "2008.06.14"]
[Round "-"]
[White "Caputo"]
[Black "sinergia"]
[Result "0-1"]
[WhiteCountry "USA"]
[BlackCountry "VEN"]
[WhiteElo "1675"]
[WhiteRD "62"]
[BlackElo "1765"]
[BlackRD "97"]
[GameID "159378"]

1. d4 Nf6 2. c4 e6 3. Nc3 Bb4 4. Qc2 c5 5. e3 Nc6 6. Bd2 cxd4 7. Nce2 Bxd2+ 8. Qxd2 dxe3 9. Qxe3 O-O 10. Nf3 d5
11. Rd1 Qa5+ 12. Nd2 Qxa2 13. cxd5 Nxd5 14. Qa3 Ndb4 15. Rc1 Qxa3 16. bxa3 Nd3+ 17. Kd1 Nxc1 18. Kxc1 b6 19. Ng3 Bb7 20. Nb3 Rac8
21. Kb2 Rfd8 22. Bb5 a6 23. Bxc6 Bxc6 24. f3 Ba4 25. Na1 Rd2+ 26. Kb1 Rxg2 27. Rc1 Rxc1+ 28. Kxc1 Rxh2
0-1

[Event "Great Minds"]
[Site "SchemingMind.com"]
[Date "2008.06.14"]
[Round "-"]
[White "Caputo"]
[Black "z"]
[Result "1-0"]
[WhiteCountry "USA"]
[BlackCountry "IRQ"]
[WhiteElo "1698"]
[WhiteRD "66"]
[BlackElo "1719"]
[BlackRD "54"]
[GameID "159379"]

1. d4 f5 2. g3 Nf6 3. Bg2 e6 4. c4 Bb4+ 5. Bd2 Be7 6. Nf3 O-O 7. O-O d5 8. cxd5 exd5 9. Bg5 Nbd7 10. Qb3 c6
11. Bf4 Ne4 12. Ne5 Ndf6 13. Nd2 Qe8 14. Nxe4 Nxe4 15. f3 Nd6 16. a4 Kh8 17. Qc3 g5 18. Bd2 Be6 19. b3 Rc8 20. f4 g4
21. Rab1 b6 22. Bc1 c5 23. dxc5 Bf6 24. b4 bxc5 25. bxc5 Ne4 26. Bxe4 dxe4 27. Bb2 h5 28. Qa5 h4 29. gxh4 Qh5 30. Qa6 Rce8
31. Nd7 Bxd7 32. Bxf6+ Kg8 33. Bg5 Qf7 34. Qxa7 Ra8 35. Qb7 Rxa4 36. Rfd1 Be6 37. Qxf7+ Kxf7 38. c6 Rc8 39. Rd7+ Ke8 40. Re7+
1-0

[Event "Great Minds"]
[Site "SchemingMind.com"]
[Date "2008.06.14"]
[Round "-"]
[White "Caputo"]
[Black "smothered mate"]
[Result "0-1"]
[WhiteCountry "USA"]
[BlackCountry "POL"]
[WhiteElo "1675"]
[WhiteRD "62"]
[BlackElo "1926"]
[BlackRD "48"]
[GameID "159380"]

1. d4 Nf6 2. c4 e6 3. Nc3 d5 4. Nf3 c5 5. e3 Nc6 6. a3 a6 7. cxd5 exd5 8. Be2 Bd6 9. O-O O-O 10. dxc5 Bxc5
11. b4 Ba7 12. b5 Ne7 13. bxa6 bxa6 14. Bb2 Rb8 15. Rb1 Bf5 16. Bd3 Ne4 17. Nd4 Bxd4 18. exd4 Rxb2 19. Rxb2 Nxc3 20. Qc2 Ne4
21. Bxa6 Ng3 22. Qc1 Nxf1 23. Qxf1 Qa5 24. Rb3 Nc6 25. Bd3 Nxd4 26. Rc3 Qxc3
0-1